00787nam a2200217 i 450000100060000000300080000600500170001400800390003103500190007004000320008904100080012108200200012910000350014924501080018426000510029230000200034350001060036350400280046960000490049765000230054633013BD-RjUL20211209051931.0140429s1978 bg b 000 0 eng a(BD-RjUL)33103 aDLCcDLCdDLCdBD-RjULbeng aeng00a297.4bNUA 19782 aNurudd-in, Ab-u Saʾid,d1929-10aAllama Iqbal's attitude toward Sufism and his unique philosophy of khudi (self) /cAbu Sayeed Nuruddin. aDacca :bIslamic Foundation Bangladesh,c1978. a64 p. ;c23 cm. aBased on the author's thesis, Karachi University, 1956 with title: Islāmī taṣavvuf aur Iqbāl. aBibliography: p. 63-64.10aIqbal, Muhammad,cSir,d1877-1938xReligion. 0aSufismxDoctrines.